| 000 | nam a22 7a 4500 | ||
|---|---|---|---|
| 999 |
_c232920 _d232920 |
||
| 003 | Nust | ||
| 005 | 20170224170309.0 | ||
| 008 | 170224b xxu||||| |||| 00| 0 eng d | ||
| 020 | _a969-01-00688 | ||
| 040 | _cDLC | ||
| 082 | _a297.12252 HUS | ||
| 245 |
_aCommentators of the Holy Quran / _cZāhidulḥusainī, Muḥammad. |
||
| 260 |
_aLahore : _bFerozsons, |
||
| 300 |
_aix, 130 p. ; _c25 cm. |
||
| 942 |
_2ddc _cBK |
||